Gemeinden im Kanton Thurgau - Statistiken

Allgemein
  • Dieses Quiz wurde 171 mal gespielt
  • Das Durchschnittsergebnis liegt bei 32 aus 80
Antwortstatistiken
Bezirk Gemeinde % Korrekt
Arbon Arbon
90%
Weinfelden Weinfelden
88%
Frauenfeld Frauenfeld
85%
Kreuzlingen Kreuzlingen
85%
Münchwilen Wilen (TG)
83%
Münchwilen Münchwilen (TG)
75%
Arbon Romanshorn
73%
Arbon Amriswil
65%
Weinfelden Berg (TG)
60%
Münchwilen Aadorf
58%
Frauenfeld Steckborn
54%
Weinfelden Bischofszell
52%
Kreuzlingen Ermatingen
46%
Kreuzlingen Münsterlingen
46%
Frauenfeld Berlingen
44%
Weinfelden Bürglen (TG)
44%
Münchwilen Fischingen
44%
Arbon Horn
44%
Frauenfeld Mammern
44%
Weinfelden Sulgen
44%
Arbon Uttwil
44%
Arbon Egnach
42%
Frauenfeld Eschenz
42%
Weinfelden Märstetten
42%
Arbon Roggwil (TG)
42%
Kreuzlingen Tägerwilen
42%
Kreuzlingen Altnau
40%
Münchwilen Bichelsee-Balterswil
40%
Weinfelden Bussnang
40%
Weinfelden Erlen
40%
Kreuzlingen Gottlieben
40%
Frauenfeld Müllheim
40%
Münchwilen Tobel -Tägerschen
40%
Münchwilen Wängi
40%
Weinfelden Zihlschlacht-Sitterdorf
40%
Weinfelden Affeltrangen
38%
Weinfelden Amlikon-Bissegg
38%
Kreuzlingen Güttingen
38%
Arbon Kesswil
38%
Weinfelden Kradolf-Schönenberg
38%
Kreuzlingen Lengwil
38%
Frauenfeld Schlatt (TG)
38%
Münchwilen Sirnach
38%
Frauenfeld Basadingen-Schlattingen
35%
Frauenfeld Diessenhofen
35%
Frauenfeld Felben-Wellhausen
35%
Münchwilen Lommis
35%
Frauenfeld Matzingen
35%
Münchwilen Rickenbach (TG)
35%
Frauenfeld Warth-Weiningen
35%
Weinfelden Wigoltingen
35%
Kreuzlingen Bottighofen
33%
Frauenfeld Gachnang
33%
Frauenfeld Hüttwilen
33%
Kreuzlingen Langrickenbach
33%
Frauenfeld Pfyn
33%
Münchwilen Eschlikon
31%
Kreuzlingen Salenstein
31%
Frauenfeld Wagenhausen
31%
Kreuzlingen Wäldi
31%
Münchwilen Braunau
29%
Weinfelden Hauptwil-Gottshaus
29%
Arbon Salmsach
29%
Frauenfeld Uesslingen-Buch
29%
Frauenfeld Herdern
27%
Frauenfeld Homburg
27%
Frauenfeld Hüttlingen
27%
Kreuzlingen Kemmental
27%
Frauenfeld Neunforn
27%
Frauenfeld Stettfurt
27%
Frauenfeld Thundorf
27%
Weinfelden Wuppenau
27%
Münchwilen Bettwiesen
25%
Weinfelden Birwinken
25%
Arbon Dozwil
25%
Arbon Sommeri
25%
Weinfelden Hohentannen
23%
Kreuzlingen Raperswilen
23%
Weinfelden Schönholzerswilen
21%
Arbon Hefenhofen
19%
Keine übereinstimmenden Quizze gefunden
Verteilung der Resultate
Anzahl Personen mit jedem Resultat
Perzentil nach korrekt beantworteten Fragen
Ihre Resultats-Entwicklung
Sie haben dieses Quiz noch nicht gespielt